000 00577nam a22001817a 4500
999 _c176926
_d176926
005 20210202171802.0
010 _aENG-128925
020 _c799.00
_a978-93-86720-44-3
035 _aEN-112457
037 _bDBAD/PUB
082 _a910
245 _aWorld Geography/
_bEdited by Adenno Lee
260 _aGhaziabad
_bRathore Publishers & Distributors
_c2019
270 _bGhaziabad
_e201010
_aBasement, 260, Shaktikand-III, Indirapuram
_mrathorepublishrs@gmail.com
300 _a233p.
_c25cm(hbk)
700 _aLee, Adenno, Ed.
942 _2ddc
_cEN
_h910
_mWOR